[Event "Abe Yanofsky mem."]
[Site "Winnipeg CAN"]
[Date "1998.12.04"]
[Round "1"]
[White "Gannon, Keith"]
[Black "Gibbons, Michael"]
[Result "0-1"]
[WhiteElo "1658"]
[BlackElo "2071"]
[PlyCount "114"]
[GameId "2160767911874119"]
[EventDate "1998.??.??"]
[EventType "swiss"]
[EventRounds "5"]
[EventCountry "CAN"]
[SourceTitle "EXT 2001"]
[Source "ChessBase"]
[SourceDate "2000.11.22"]
[SourceVersion "1"]
[SourceVersionDate "2000.11.22"]
[SourceQuality "1"]

1. e4 c5 2. Nf3 Nc6 3. Bc4 g6 4. c3 Bg7 5. O-O Qc7 6. Re1 d6 7. Qc2 a6 8. a4 Na5 9. b3 Nxc4 10. bxc4 Nf6 11. d4 Nd7 12. Bb2 O-O 13. Nbd2 e5 14. Rac1 Nb8 15. Ba1 Nc6 16. d5 Na5 17. Qa2 h6 18. Rb1 f5 19. Rbd1 Bd7 20. Bb2 f4 21. Bc1 g5 22. Kh1 Qd8 23. Ng1 Kh7 24. f3 h5 25. Nf1 g4 26. Nd2 Rf6 27. Re2 Rg6 28. Nf1 Qe7 29. Rdd2 Rf8 30. Rb2 Bc8 31. Bd2 Rf7 32. Be1 Qg5 33. Rec2 h4 34. Nd2 h3 35. Nf1 Qh5 36. fxg4 Bxg4 37. Rf2 hxg2+ 38. Rxg2 Bf3 39. Nxf3 Qxf3 40. Kg1 Rxg2+ 41. Rxg2 Qxe4 42. Qe2 Qxe2 43. Rxe2 Nxc4 44. Nd2 Nxd2 45. Bxd2 Bf6 46. Rg2 Rg7 47. Rxg7+ Kxg7 48. c4 Kg6 49. Kg2 Kf5 50. Ba5 e4 51. Bc7 Be5 52. h3 f3+ 53. Kf1 e3 54. Ba5 Kf4 55. Be1 e2+ 56. Kg1 Bd4+ 57. Bf2 e1=Q+ 0-1

[Event "Abe Yanofsky mem."]
[Site "Winnipeg CAN"]
[Date "1998.12.04"]
[Round "1"]
[White "Gushuliak, Justin"]
[Black "Gantzert, Rene"]
[Result "1-0"]
[WhiteElo "2015"]
[BlackElo "1698"]
[PlyCount "27"]
[GameId "2160767911874120"]
[EventDate "1998.??.??"]
[EventType "swiss"]
[EventRounds "5"]
[EventCountry "CAN"]
[SourceTitle "EXT 2001"]
[Source "ChessBase"]
[SourceDate "2000.11.22"]
[SourceVersion "1"]
[SourceVersionDate "2000.11.22"]
[SourceQuality "1"]

1. e4 e6 2. d4 c5 3. c3 d5 4. e5 Nc6 5. Nf3 cxd4 6. cxd4 Bb4+ 7. Nc3 Nge7 8. Bd3 O-O 9. Bxh7+ Kh8 10. Ng5 g6 11. Qf3 Nf5 12. Bxg6 Kg7 13. Bxf5 Nxd4 14. Qh5 1-0

[Event "Abe Yanofsky mem."]
[Site "Winnipeg CAN"]
[Date "1998.12.04"]
[Round "1"]
[White "Kernested, Gavin"]
[Black "Cummer, Jeff"]
[Result "0-1"]
[WhiteElo "1383"]
[BlackElo "1839"]
[PlyCount "48"]
[GameId "2160767911874121"]
[EventDate "1998.??.??"]
[EventType "swiss"]
[EventRounds "5"]
[EventCountry "CAN"]
[SourceTitle "EXT 2001"]
[Source "ChessBase"]
[SourceDate "2000.11.22"]
[SourceVersion "1"]
[SourceVersionDate "2000.11.22"]
[SourceQuality "1"]

1. e4 Nf6 2. Nf3 Nxe4 3. Qe2 d5 4. d3 Nf6 5. Nc3 c6 6. d4 e6 7. Bd2 Bb4 8. Ne5 Nbd7 9. Qd1 Nxe5 10. dxe5 Nd7 11. a3 Bc5 12. Be3 Bxe3 13. fxe3 Nxe5 14. Qh5 Ng6 15. g3 Qb6 16. Qe2 Qxb2 17. Rd1 Qxc3+ 18. Kf2 Qxa3 19. Bg2 Qc5 20. Rc1 Ne5 21. Rhf1 Nc4 22. Rfe1 d4 23. exd4 Qxd4+ 24. Kf1 Nd2+ 0-1

[Event "Abe Yanofsky mem."]
[Site "Winnipeg CAN"]
[Date "1998.12.04"]
[Round "1"]
[White "Klokow, John"]
[Black "Gentes, Kevin"]
[Result "0-1"]
[WhiteElo "1758"]
[BlackElo "2387"]
[PlyCount "52"]
[GameId "2160767911874122"]
[EventDate "1998.??.??"]
[EventType "swiss"]
[EventRounds "5"]
[EventCountry "CAN"]
[SourceTitle "EXT 2001"]
[Source "ChessBase"]
[SourceDate "2000.11.22"]
[SourceVersion "1"]
[SourceVersionDate "2000.11.22"]
[SourceQuality "1"]

1. e4 c5 2. Nf3 d6 3. d4 cxd4 4. Nxd4 Nf6 5. Nc3 a6 6. Bg5 e6 7. f4 Be7 8. Qf3 h6 9. Bh4 g5 10. fxg5 Nfd7 11. Nxe6 fxe6 12. Qh5+ Kf8 13. Bc4 Ne5 14. O-O+ Kg7 15. Bg3 Nbc6 16. g6 Qe8 17. Qh3 Qxg6 18. Be2 h5 19. Rf2 h4 20. Bxe5+ Nxe5 21. Raf1 Bd7 22. Qe3 Raf8 23. Qd4 Rxf2 24. Rxf2 Rf8 25. Bf3 Kg8 26. Kf1 h3 0-1

[Event "Abe Yanofsky mem."]
[Site "Winnipeg CAN"]
[Date "1998.12.04"]
[Round "1"]
[White "Schulz, Waldemar"]
[Black "Milord, Frank"]
[Result "1-0"]
[WhiteElo "2084"]
[BlackElo "1715"]
[PlyCount "87"]
[GameId "2160767911874123"]
[EventDate "1998.??.??"]
[EventType "swiss"]
[EventRounds "5"]
[EventCountry "CAN"]
[SourceTitle "EXT 2001"]
[Source "ChessBase"]
[SourceDate "2000.11.22"]
[SourceVersion "1"]
[SourceVersionDate "2000.11.22"]
[SourceQuality "1"]

1. Nf3 Nf6 2. c4 c5 3. g3 b6 4. Bg2 Bb7 5. O-O e6 6. Nc3 Be7 7. b3 O-O 8. Bb2 d5 9. cxd5 Nxd5 10. Rc1 Nd7 11. Nxd5 Bxd5 12. d4 Qb8 13. Qd2 Qb7 14. Rfd1 Bf6 15. Ne1 Bxg2 16. Nxg2 Bxd4 17. Bxd4 cxd4 18. Qxd4 Nf6 19. Rc2 Qd5 20. Ne3 Qxd4 21. Rxd4 Rac8 22. Rdc4 Rxc4 23. Rxc4 g6 24. Rc7 Ra8 25. Nc4 Ne8 26. Rb7 f6 27. Kf1 h5 28. Ke1 Kf8 29. a4 Kg8 30. Rd7 Kf8 31. Kd2 Rb8 32. Rxa7 b5 33. axb5 Rxb5 34. Ra8 Rd5+ 35. Kc2 Ke7 36. Ra7+ Rd7 37. Rxd7+ Kxd7 38. Nb2 Kc6 39. Nd3 e5 40. Kc3 Nc7 41. Kc4 Nd5 42. Nb4+ Nxb4 43. Kxb4 Kb6 44. Kc4 1-0

[Event "Abe Yanofsky mem."]
[Site "Winnipeg CAN"]
[Date "1998.12.05"]
[Round "2"]
[White "Armstrong, Jeff"]
[Black "Klokow, John"]
[Result "0-1"]
[WhiteElo "1614"]
[BlackElo "1758"]
[PlyCount "71"]
[GameId "2160767911874124"]
[EventDate "1998.??.??"]
[EventType "swiss"]
[EventRounds "5"]
[EventCountry "CAN"]
[SourceTitle "EXT 2001"]
[Source "ChessBase"]
[SourceDate "2000.11.22"]
[SourceVersion "1"]
[SourceVersionDate "2000.11.22"]
[SourceQuality "1"]

1. d4 Nf6 2. c4 e6 3. Nc3 Bb4 4. Qc2 c5 5. Nf3 Nc6 6. e3 b6 7. Bd3 Bb7 8. O-O Bxc3 9. bxc3 h6 10. e4 cxd4 11. Nxd4 Ne5 12. Nb5 O-O 13. Nd6 Bc6 14. Ba3 Nxd3 15. Qxd3 a6 16. Rfe1 Ng4 17. h3 Ne5 18. Qg3 Qg5 19. Qxg5 hxg5 20. Re3 Ra7 21. Rf1 Rc7 22. f4 gxf4 23. Rxf4 Ba4 24. h4 Rb8 25. Rg3 Bd1 26. Rf1 Be2 27. Rf2 Bh5 28. Rg5 Ng4 29. Rf4 g6 30. Rxf7 Rxc4 31. Rxd7 Rxc3 32. Bb2 Rc2 33. Rg7+ Kf8 34. Rf7+ Kg8 35. Rg7+ Kf8 36. Rf7+ 0-1

[Event "Abe Yanofsky mem."]
[Site "Winnipeg CAN"]
[Date "1998.12.05"]
[Round "2"]
[White "Cummer, Jeff"]
[Black "Gushuliak, Justin"]
[Result "0-1"]
[WhiteElo "1839"]
[BlackElo "2015"]
[PlyCount "60"]
[GameId "2160767911874125"]
[EventDate "1998.??.??"]
[EventType "swiss"]
[EventRounds "5"]
[EventCountry "CAN"]
[SourceTitle "EXT 2001"]
[Source "ChessBase"]
[SourceDate "2000.11.22"]
[SourceVersion "1"]
[SourceVersionDate "2000.11.22"]
[SourceQuality "1"]

1. e4 c5 2. Nc3 Nc6 3. Nge2 e5 4. d3 Nf6 5. f4 d5 6. fxe5 Nxe5 7. Bg5 dxe4 8. Nxe4 Be7 9. Bf4 Ng6 10. Nxf6+ Bxf6 11. c3 Bf5 12. Qa4+ Qd7 13. Qxd7+ Bxd7 14. Be3 b6 15. d4 O-O 16. O-O-O Rfe8 17. dxc5 Bb5 18. Ng3 Ba4 19. b3 Rxe3 20. bxa4 Rxc3+ 21. Kb1 bxc5 22. Bb5 a6 23. Ne4 axb5 24. Nxc3 Bxc3 25. axb5 Ne5 26. Rd5 Bd4 27. Rd1 Nc4 28. a4 h6 29. Rd7 Rxa4 30. Rb7 Ra1+ 0-1

[Event "Abe Yanofsky mem."]
[Site "Winnipeg CAN"]
[Date "1998.12.05"]
[Round "2"]
[White "Gentes, Kevin"]
[Black "Khedkar, Jay S"]
[Result "1/2-1/2"]
[WhiteElo "2387"]
[BlackElo "1905"]
[PlyCount "52"]
[GameId "2160767911874126"]
[EventDate "1998.??.??"]
[EventType "swiss"]
[EventRounds "5"]
[EventCountry "CAN"]
[SourceTitle "EXT 2001"]
[Source "ChessBase"]
[SourceDate "2000.11.22"]
[SourceVersion "1"]
[SourceVersionDate "2000.11.22"]
[SourceQuality "1"]

1. d4 Nf6 2. c4 e6 3. g3 d5 4. Bg2 Be7 5. Nf3 O-O 6. O-O c5 7. cxd5 Nxd5 8. e4 Nc7 9. Nc3 Nc6 10. d5 exd5 11. exd5 Nb4 12. Ne5 Bf6 13. f4 Bf5 14. a3 Nc2 15. g4 Bxe5 16. fxe5 Bg6 17. Ra2 Nd4 18. b3 Rc8 19. Raf2 Qd7 20. h4 Ncb5 21. Nxb5 Qxb5 22. Be3 Nxb3 23. Rb2 c4 24. h5 Bd3 25. Re1 Qa5 26. h6 Qc3 1/2-1/2

[Event "Abe Yanofsky mem."]
[Site "Winnipeg CAN"]
[Date "1998.12.05"]
[Round "2"]
[White "Gibbons, Michael"]
[Black "Lukic, Luka"]
[Result "1-0"]
[WhiteElo "2071"]
[BlackElo "1900"]
[PlyCount "127"]
[GameId "2160767911874127"]
[EventDate "1998.??.??"]
[EventType "swiss"]
[EventRounds "5"]
[EventCountry "CAN"]
[SourceTitle "EXT 2001"]
[Source "ChessBase"]
[SourceDate "2000.11.22"]
[SourceVersion "1"]
[SourceVersionDate "2000.11.22"]
[SourceQuality "1"]

1. Nf3 Nc6 2. d4 d5 3. c4 e6 4. Nc3 Nf6 5. Bg5 Be7 6. e3 O-O 7. Rc1 a6 8. a3 Na5 9. cxd5 exd5 10. Ne5 Be6 11. Na2 b5 12. Nc6 Nxc6 13. Rxc6 Bd7 14. Rc1 c6 15. Qc2 a5 16. Bd3 h6 17. Bh4 Ne8 18. Bxe7 Qxe7 19. Bh7+ Kh8 20. Bf5 Bxf5 21. Qxf5 Nd6 22. Qc2 Rac8 23. Qc5 Rfe8 24. b3 Nf5 25. Qxe7 Nxe7 26. Rc5 Kg8 27. Kd2 Red8 28. Rhc1 Kf8 29. Nc3 Ke8 30. a4 b4 31. Nd1 Ra8 32. Nb2 Rd6 33. Nd3 f6 34. h4 Kd7 35. h5 Ke6 36. g4 Kf7 37. f4 Rdd8 38. Ne1 Ra6 39. Nf3 Raa8 40. Nh4 Ra6 41. Rf1 Ke6 42. Nf3 Rg8 43. Kd3 Kd6 44. Re1 Raa8 45. Nd2 Rgc8 46. e4 Kd7 47. e5 Rg8 48. Nf3 f5 49. Rg1 fxg4 50. Rxg4 g6 51. hxg6 Rxg6 52. Rxg6 Nxg6 53. f5 Nf4+ 54. Kd2 Nh3 55. e6+ Kd6 56. Ne5 Ra6 57. Nf7+ Ke7 58. Nxh6 Ng5 59. Ke3 Ne4 60. Rc2 Nd6 61. Kf4 Ne4 62. Rg2 Nf6 63. Rg7+ Ke8 64. Ke5 1-0

[Event "Abe Yanofsky mem."]
[Site "Winnipeg CAN"]
[Date "1998.12.05"]
[Round "2"]
[White "Ott, Richard"]
[Black "Schulz, Manfred"]
[Result "0-1"]
[WhiteElo "1478"]
[BlackElo "1906"]
[PlyCount "106"]
[GameId "2160767911874128"]
[EventDate "1998.??.??"]
[EventType "swiss"]
[EventRounds "5"]
[EventCountry "CAN"]
[SourceTitle "EXT 2001"]
[Source "ChessBase"]
[SourceDate "2000.11.22"]
[SourceVersion "1"]
[SourceVersionDate "2000.11.22"]
[SourceQuality "1"]

1. d4 d5 2. c4 c6 3. Nf3 Nf6 4. Nbd2 dxc4 5. e3 Bf5 6. Nxc4 e6 7. a3 Nbd7 8. Bd3 Bxd3 9. Qxd3 Be7 10. O-O O-O 11. Bd2 c5 12. Ba5 b6 13. Bc3 Qc7 14. Nce5 h6 15. Rac1 Rac8 16. Rfd1 Rfd8 17. Qc2 Qb7 18. Qb1 Ne4 19. Be1 Ndf6 20. b4 cxb4 21. axb4 b5 22. Nd3 Qb8 23. Nfe5 Qa8 24. f3 Nd6 25. Nc5 Nf5 26. Bf2 Bxc5 27. dxc5 Ne7 28. e4 Nc6 29. Nxc6 Qxc6 30. Bh4 e5 31. Qb2 Qe6 32. Bg3 Nd7 33. Rd6 Qe8 34. Qa2 Nb8 35. Rcd1 Nc6 36. Qb3 Nd4 37. Qd3 Rxd6 38. cxd6 f6 39. Qd2 Qd7 40. Qa2+ Kf8 41. Rd2 Qxd6 42. f4 Rc1+ 43. Kf2 exf4 44. Qxa7 fxg3+ 45. hxg3 Rc4 46. Qa8+ Kf7 47. Qd5+ Qxd5 48. exd5 Rc2 49. Ke3 Rxd2 50. Kxd2 Ke7 51. Kc3 Ne2+ 52. Kd3 Nxg3 53. Kd4 Kd6 0-1

[Event "Abe Yanofsky mem."]
[Site "Winnipeg CAN"]
[Date "1998.12.05"]
[Round "2"]
[White "Repa, Jason"]
[Black "Schulz, Waldemar"]
[Result "1-0"]
[WhiteElo "1933"]
[BlackElo "2084"]
[PlyCount "107"]
[GameId "2160767911874129"]
[EventDate "1998.??.??"]
[EventType "swiss"]
[EventRounds "5"]
[EventCountry "CAN"]
[SourceTitle "EXT 2001"]
[Source "ChessBase"]
[SourceDate "2000.11.22"]
[SourceVersion "1"]
[SourceVersionDate "2000.11.22"]
[SourceQuality "1"]

1. f4 d5 2. b3 Nf6 3. Nf3 c5 4. e3 Nc6 5. Bb5 Bd7 6. Bb2 a6 7. Bxc6 Bxc6 8. Ne5 Rc8 9. O-O e6 10. Nc3 g6 11. Ne2 Bg7 12. d3 O-O 13. Ng3 b5 14. a4 Bb7 15. axb5 axb5 16. Ra7 Qb6 17. Ra1 Ra8 18. Qe2 Rxa1 19. Rxa1 Ra8 20. Qe1 Ra6 21. Nf1 Qa7 22. Nd2 Rxa1 23. Qxa1 Qxa1+ 24. Bxa1 Ne8 25. Kf2 Nd6 26. Bb2 b4 27. c3 bxc3 28. Bxc3 Ba6 29. Ke2 Nf5 30. Ba5 Nd6 31. Bb6 Nb7 32. Nd7 Bf8 33. Nb1 Be7 34. Nc3 Bd6 35. Nf6+ Kf8 36. Nxh7+ Ke7 37. g4 Kd7 38. Ng5 f6 39. Nf7 Be7 40. h4 Kc6 41. Ba7 Kd7 42. g5 Na5 43. Nh8 Nxb3 44. Nxg6 Nc1+ 45. Kd2 Nxd3 46. h5 fxg5 47. Nxe7 Kxe7 48. fxg5 Kf7 49. Na4 d4 50. Nxc5 dxe3+ 51. Kxe3 Nxc5 52. Bxc5 Bc4 53. Bd4 e5 54. Bxe5 1-0

[Event "Abe Yanofsky mem."]
[Site "Winnipeg CAN"]
[Date "1998.12.05"]
[Round "3"]
[White "Gushuliak, Justin"]
[Black "Repa, Jason"]
[Result "1-0"]
[WhiteElo "2015"]
[BlackElo "1933"]
[PlyCount "57"]
[GameId "2160767911874130"]
[EventDate "1998.??.??"]
[EventType "swiss"]
[EventRounds "5"]
[EventCountry "CAN"]
[SourceTitle "EXT 2001"]
[Source "ChessBase"]
[SourceDate "2000.11.22"]
[SourceVersion "1"]
[SourceVersionDate "2000.11.22"]
[SourceQuality "1"]

1. e4 e6 2. d4 d5 3. e5 c5 4. c3 Nc6 5. Nf3 Qb6 6. a3 Bd7 7. b4 cxd4 8. cxd4 Nge7 9. Be3 Nf5 10. Nc3 a6 11. Rc1 Be7 12. Bd3 g6 13. Na4 Qd8 14. Nc5 Bxc5 15. Rxc5 h5 16. Bxf5 gxf5 17. Bg5 Qb6 18. Bf6 Rh6 19. Nh4 Nxb4 20. Qd2 Rxf6 21. exf6 Nc6 22. O-O O-O-O 23. Rfc1 Kb8 24. Nf3 Rg8 25. Qf4+ Ka8 26. Qh6 Qb3 27. Qxh5 Rg6 28. Qxg6 fxg6 29. f7 1-0

[Event "Abe Yanofsky mem."]
[Site "Winnipeg CAN"]
[Date "1998.12.05"]
[Round "3"]
[White "Khedkar, Jay S"]
[Black "Schulz, Waldemar"]
[Result "1/2-1/2"]
[WhiteElo "1905"]
[BlackElo "2084"]
[PlyCount "55"]
[GameId "2160767911874131"]
[EventDate "1998.??.??"]
[EventType "swiss"]
[EventRounds "5"]
[EventCountry "CAN"]
[SourceTitle "EXT 2001"]
[Source "ChessBase"]
[SourceDate "2000.11.22"]
[SourceVersion "1"]
[SourceVersionDate "2000.11.22"]
[SourceQuality "1"]

1. e4 c5 2. Nf3 e6 3. d4 cxd4 4. Nxd4 a6 5. Nc3 Bb4 6. Bd3 Nf6 7. O-O Bxc3 8. bxc3 Qc7 9. c4 d6 10. Be3 Nbd7 11. f4 Nc5 12. Qf3 O-O 13. g4 e5 14. Nf5 Bxf5 15. gxf5 exf4 16. Bd4 Ncd7 17. Qxf4 Ne5 18. Kh1 Nfd7 19. f6 Nxf6 20. Qg5 Ne8 21. c5 f6 22. Qf5 Qd7 23. Bc4+ Kh8 24. Be6 Qe7 25. Qh3 g6 26. Rad1 Nc7 27. Bb3 Rad8 28. Qc3 1/2-1/2

[Event "Abe Yanofsky mem."]
[Site "Winnipeg CAN"]
[Date "1998.12.05"]
[Round "3"]
[White "Schulz, Manfred"]
[Black "Gentes, Kevin"]
[Result "0-1"]
[WhiteElo "1906"]
[BlackElo "2387"]
[PlyCount "60"]
[GameId "2160767911874132"]
[EventDate "1998.??.??"]
[EventType "swiss"]
[EventRounds "5"]
[EventCountry "CAN"]
[SourceTitle "EXT 2001"]
[Source "ChessBase"]
[SourceDate "2000.11.22"]
[SourceVersion "1"]
[SourceVersionDate "2000.11.22"]
[SourceQuality "1"]

1. e4 c5 2. Nf3 d6 3. d4 cxd4 4. Nxd4 Nf6 5. Nc3 a6 6. Bc4 e6 7. Bb3 b5 8. Qe2 Be7 9. g4 O-O 10. Rg1 b4 11. Na4 Bb7 12. f3 Nfd7 13. Be3 Nc5 14. O-O-O Qa5 15. Nxc5 dxc5 16. Nxe6 fxe6 17. Bxe6+ Kh8 18. g5 Qb6 19. Bc4 Nc6 20. f4 Nd4 21. Bxd4 cxd4 22. f5 Rae8 23. Qg4 Bxe4 24. f6 Bc5 25. Qd7 gxf6 26. gxf6 Qxf6 27. Rdf1 Qh6+ 28. Kb1 d3 29. cxd3 Bxg1 30. Rxg1 Bg6 0-1

[Event "Abe Yanofsky mem."]
[Site "Winnipeg CAN"]
[Date "1998.12.05"]
[Round "3"]
[White "Sekhar, Ganesan"]
[Black "Gibbons, Michael"]
[Result "0-1"]
[WhiteElo "1965"]
[BlackElo "2071"]
[PlyCount "58"]
[GameId "2160767911874133"]
[EventDate "1998.??.??"]
[EventType "swiss"]
[EventRounds "5"]
[EventCountry "CAN"]
[SourceTitle "EXT 2001"]
[Source "ChessBase"]
[SourceDate "2000.11.22"]
[SourceVersion "1"]
[SourceVersionDate "2000.11.22"]
[SourceQuality "1"]

1. g3 d5 2. Bg2 Nf6 3. c4 c6 4. b3 e5 5. Bb2 Bd6 6. Nf3 e4 7. Nd4 Be5 8. Qc2 Nbd7 9. e3 Nc5 10. O-O Nd3 11. f4 Bxd4 12. Bxd4 Bg4 13. Nc3 Qd7 14. Bxf6 gxf6 15. Bxe4 dxe4 16. Nxe4 O-O-O 17. Nxf6 Qf5 18. Qc3 Be2 19. e4 Qh3 20. e5 Bxf1 21. Rxf1 h5 22. Ne4 h4 23. Rf3 hxg3 24. Nxg3 Qxh2+ 25. Kf1 Rhg8 26. Rxd3 Rxd3 27. Qxd3 Qxg3 28. Qf5+ Kb8 29. Qxf7 Qf3+ 0-1

[Event "Abe Yanofsky mem."]
[Site "Winnipeg CAN"]
[Date "1998.12.06"]
[Round "4"]
[White "Cummer, Jeff"]
[Black "Medes, Bartek"]
[Result "1-0"]
[WhiteElo "1839"]
[BlackElo "1397"]
[PlyCount "45"]
[GameId "2160767911874134"]
[EventDate "1998.??.??"]
[EventType "swiss"]
[EventRounds "5"]
[EventCountry "CAN"]
[SourceTitle "EXT 2001"]
[Source "ChessBase"]
[SourceDate "2000.11.22"]
[SourceVersion "1"]
[SourceVersionDate "2000.11.22"]
[SourceQuality "1"]

1. e4 c5 2. Nc3 d6 3. f4 Nf6 4. Bb5+ Bd7 5. Bxd7+ Qxd7 6. Nf3 Nc6 7. O-O g6 8. d3 Bg7 9. Ne2 O-O 10. c3 Rad8 11. Ng3 h6 12. Qe1 e5 13. f5 Kh7 14. Ne2 Qe7 15. h3 Ng8 16. g4 Nb8 17. g5 hxg5 18. Nxg5+ Kh8 19. Qh4+ Bh6 20. f6 Qe8 21. Ng3 Nd7 22. Be3 Rc8 23. Ne6 1-0

[Event "Abe Yanofsky mem."]
[Site "Winnipeg CAN"]
[Date "1998.12.06"]
[Round "4"]
[White "Gentes, Kevin"]
[Black "Sekhar, Ganesan"]
[Result "1-0"]
[WhiteElo "2387"]
[BlackElo "1965"]
[PlyCount "87"]
[GameId "2160767911874135"]
[EventDate "1998.??.??"]
[EventType "swiss"]
[EventRounds "5"]
[EventCountry "CAN"]
[SourceTitle "EXT 2001"]
[Source "ChessBase"]
[SourceDate "2000.11.22"]
[SourceVersion "1"]
[SourceVersionDate "2000.11.22"]
[SourceQuality "1"]

1. d4 Nf6 2. c4 c5 3. e3 e6 4. Nc3 Be7 5. Nf3 O-O 6. Be2 Na6 7. O-O d6 8. a3 Bd7 9. Rb1 Bc6 10. d5 Be8 11. e4 e5 12. b4 b6 13. Ne1 Kh8 14. g3 Rc8 15. Bd3 Ng8 16. Ng2 g6 17. f4 Bf6 18. Bd2 Bg7 19. f5 Bh6 20. Bxh6 Nxh6 21. f6 Bd7 22. Qd2 Ng8 23. Rf2 Bh3 24. Qg5 Bxg2 25. Kxg2 Rc7 26. b5 Nb8 27. Rbf1 Qd7 28. Rf3 Rd8 29. g4 Qe8 30. Rh3 Nd7 31. Rff3 Nf8 32. Rh4 Rdc8 33. Qe3 Qd8 34. g5 h5 35. Rfh3 Nh7 36. Be2 Nhxf6 37. gxf6 Qxf6 38. Bxh5 gxh5 39. Rxh5+ Kg7 40. Rf5 Qd8 41. Qg3+ Kf8 42. Rh8 Ke7 43. Qg5+ Kd7 44. Rxf7+ 1-0

[Event "Abe Yanofsky mem."]
[Site "Winnipeg CAN"]
[Date "1998.12.06"]
[Round "4"]
[White "Gibbons, Michael"]
[Black "Gushuliak, Justin"]
[Result "0-1"]
[WhiteElo "2071"]
[BlackElo "2015"]
[PlyCount "98"]
[GameId "2160767911874136"]
[EventDate "1998.??.??"]
[EventType "swiss"]
[EventRounds "5"]
[EventCountry "CAN"]
[SourceTitle "EXT 2001"]
[Source "ChessBase"]
[SourceDate "2000.11.22"]
[SourceVersion "1"]
[SourceVersionDate "2000.11.22"]
[SourceQuality "1"]

1. Nf3 d5 2. b3 Nf6 3. e3 Bf5 4. Bb2 e6 5. h3 h6 6. Ne5 Nbd7 7. g4 Be4 8. f3 Bh7 9. Bd3 Bd6 10. f4 Bxe5 11. Bxe5 Nxe5 12. fxe5 Nd7 13. Bxh7 Qh4+ 14. Ke2 Rxh7 15. d4 h5 16. gxh5 Qxh5+ 17. Kd2 Qxd1+ 18. Kxd1 O-O-O 19. Ke2 Rdh8 20. Rg1 g6 21. Rf1 Kd8 22. Nd2 Ke7 23. Nf3 Rxh3 24. Kd3 Rf8 25. Rf2 f6 26. exf6+ Rxf6 27. Raf1 Rg3 28. c4 c6 29. cxd5 exd5 30. b4 g5 31. a4 b6 32. a5 c5 33. axb6 axb6 34. dxc5 bxc5 35. bxc5 Nxc5+ 36. Ke2 Ne4 37. Rh2 g4 38. Nd2 Nxd2 39. Rxf6 Kxf6 40. Kxd2 Rh3 41. Rg2 Kg5 42. Kd3 Kh4 43. Kd4 Rf3 44. Rh2+ Kg3 45. Rh5 Kf2 46. Rxd5 Rxe3 47. Rg5 g3 48. Rg8 Rf3 49. Rg7 Rf8 0-1

[Event "Abe Yanofsky mem."]
[Site "Winnipeg CAN"]
[Date "1998.12.06"]
[Round "4"]
[White "Milord, Frank"]
[Black "Charter, Bennet"]
[Result "1-0"]
[WhiteElo "1715"]
[BlackElo "1568"]
[PlyCount "71"]
[GameId "2160767911874137"]
[EventDate "1998.??.??"]
[EventType "swiss"]
[EventRounds "5"]
[EventCountry "CAN"]
[SourceTitle "EXT 2001"]
[Source "ChessBase"]
[SourceDate "2000.11.22"]
[SourceVersion "1"]
[SourceVersionDate "2000.11.22"]
[SourceQuality "1"]

1. e4 c5 2. Nf3 d6 3. d4 cxd4 4. Nxd4 Nf6 5. Nc3 g6 6. Be3 Bg7 7. f3 Bd7 8. Qd2 Nc6 9. Bc4 O-O 10. Bb3 Rc8 11. O-O-O Na5 12. Kb1 Nxb3 13. axb3 Qa5 14. Nd5 Qd8 15. Nxf6+ Bxf6 16. g4 Qc7 17. h4 Rfe8 18. h5 Bg7 19. hxg6 fxg6 20. Qh2 Kf7 21. Qd2 Rh8 22. Rh2 Be5 23. Rh6 Bg7 24. Rh4 Bf6 25. g5 Bg7 26. Rdh1 Bxd4 27. Bxd4 e5 28. Bc3 Kg8 29. Rd1 Re8 30. f4 Re7 31. Qd5+ Kf8 32. Qxd6 Qxd6 33. Rxd6 Rg8 34. Bxe5 Ke8 35. Bf6 Rxe4 36. Rxh7 1-0

[Event "Abe Yanofsky mem."]
[Site "Winnipeg CAN"]
[Date "1998.12.06"]
[Round "4"]
[White "Schulz, Waldemar"]
[Black "Gantzert, Rene"]
[Result "1-0"]
[WhiteElo "2084"]
[BlackElo "1698"]
[PlyCount "61"]
[GameId "2160767911874138"]
[EventDate "1998.??.??"]
[EventType "swiss"]
[EventRounds "5"]
[EventCountry "CAN"]
[SourceTitle "EXT 2001"]
[Source "ChessBase"]
[SourceDate "2000.11.22"]
[SourceVersion "1"]
[SourceVersionDate "2000.11.22"]
[SourceQuality "1"]

1. d4 Nf6 2. Nf3 e6 3. c4 Nc6 4. g3 Bb4+ 5. Bd2 Qe7 6. a3 Bxd2+ 7. Nbxd2 O-O 8. Bg2 d5 9. Qc2 b6 10. cxd5 Nxd5 11. Qxc6 Bd7 12. Qc2 Rac8 13. O-O c5 14. Qd3 Rc7 15. e4 Nf6 16. d5 exd5 17. exd5 Qd6 18. Nc4 Bb5 19. Nxd6 Bxd3 20. Rfd1 c4 21. Ne5 Rd8 22. Nb5 Rc5 23. Nc3 Bc2 24. Rd2 Bb3 25. Re2 b5 26. Rae1 g6 27. Nc6 Rd7 28. Nd4 a6 29. Re7 Rxe7 30. Rxe7 a5 31. Ndxb5 1-0

[Event "Abe Yanofsky mem."]
[Site "Winnipeg CAN"]
[Date "1998.12.06"]
[Round "5"]
[White "Charter, Bennet"]
[Black "Gannon, Keith"]
[Result "1-0"]
[WhiteElo "1568"]
[BlackElo "1658"]
[PlyCount "133"]
[GameId "2160767911874139"]
[EventDate "1998.??.??"]
[EventType "swiss"]
[EventRounds "5"]
[EventCountry "CAN"]
[SourceTitle "EXT 2001"]
[Source "ChessBase"]
[SourceDate "2000.11.22"]
[SourceVersion "1"]
[SourceVersionDate "2000.11.22"]
[SourceQuality "1"]

1. e4 e5 2. Nf3 Nc6 3. Bb5 a6 4. Ba4 Nf6 5. O-O b5 6. Bb3 Be7 7. Re1 O-O 8. c3 Bb7 9. d4 d6 10. d5 Nb8 11. Bg5 Nbd7 12. Nbd2 c6 13. c4 bxc4 14. dxc6 Bxc6 15. Bxc4 h6 16. Bh4 Ne8 17. Bxe7 Qxe7 18. Rc1 Bb7 19. Nb3 Nef6 20. Nfd2 Rfc8 21. Na5 Nb6 22. Nxb7 Qxb7 23. Qb3 Rc7 24. Rc2 Nxc4 25. Qxb7 Rxb7 26. Nxc4 Rc7 27. b3 Rac8 28. Rd2 Ne8 29. Nxd6 Rc1 30. Kf1 Rxe1+ 31. Kxe1 Rc1+ 32. Ke2 Nxd6 33. Rxd6 Rc2+ 34. Rd2 Rc6 35. Kd1 f6 36. Rc2 Rd6+ 37. Kc1 Kf7 38. Rc7+ Kg6 39. Kb2 h5 40. Kc3 Rb6 41. a4 Kh6 42. a5 Rd6 43. b4 h4 44. Rc5 g5 45. b5 axb5 46. Rxb5 g4 47. Rb6 Rd4 48. a6 Rxe4 49. Kb3 Rd4 50. a7 Rd8 51. Rb8 Rd3+ 52. Kc2 Ra3 53. a8=Q Rxa8 54. Rxa8 Kg5 55. Ra3 f5 56. h3 e4 57. Kd2 Kf4 58. Ke2 Ke5 59. hxg4 fxg4 60. f3 exf3+ 61. gxf3 g3 62. Kf1 h3 63. Kg1 Kf5 64. Ra8 Kf4 65. Rh8 Kxf3 66. Rxh3 Kg4 67. Kg2 1-0